000 00743nam a22002412a 4500
001 25809
003 BD-RjUL
005 20211209050930.0
008 140319t1968 ii b 001 0 eng d
035 _a(BD-RjUL)25879
040 _aDLC
_cDLC
_dEQO
_dBD-RjUL
_beng
041 _aeng
082 0 4 _a954.02
_bNIN 1968
100 1 _aNigam, S. B. P.
_q(Shiva Bindeshwari Prasad)
_979294
245 1 0 _aNobility under the Sultans of Delhi, A.D. (1206-1398) /
_c[by] S. B. P. Nigam
260 _aDelhi :
_bMunshiram Manoharlal,
_c1968.
300 _axv, 223 p. ;
_c22 cm
504 _aIncludes index.
650 0 _aNobility
_zIndia
_979295
651 0 _aDelhi (Sultanate)
_xPolitics and government
_979296
942 _2ddc
_cBK
999 _c25809
_d25809